000 00497nam a2200169 4500
001 2582
090 _a2582
100 _a20190723b u||y0fre||u0ba y50
200 _aMathusalem
_bPériodique
_fMATHUSALEM
_eJournal qui n'a pas peur des vieux
210 _aFrance
_bMATHUSALEM, BP 202 75 866 Paris Cedex 18
_cMATHUSALEM
606 _9429
_aFéminisme
606 _91500
_aFamille
606 _9353
_aSanté
607 _9521
_aFrance
710 _96721
_aMathusalem
801 _aCH
_bCH-002049-8
955 _r1976-1977: 3; 1977: 5